[Event "RAPID Gran Prix 2016"]
[Site "Khanty-Mansiysk"]
[Date "2016.12.03"]
[Round "11.1"]
[White "Lysyj, Igor"]
[Black "Anikonov, Dmitry"]
[Result "1-0"]
[LiveChessVersion "1.4.4"]
[BlackElo "2451"]
[WhiteElo "2625"]

1. d4 {[%clk 0:15:19]} d5 {[%clk 0:15:19]} 2. c4 {[%clk 0:15:26]} e6
{[%clk 0:15:28]} 3. Nf3 {[%clk 0:15:35]} a6 {[%clk 0:15:37]} 4. e3
{[%clk 0:15:34]} Nf6 {[%clk 0:15:30]} 5. b3 {[%clk 0:15:35]} Bb4+
{[%clk 0:12:46]} 6. Nbd2 {[%clk 0:15:25]} b6 {[%clk 0:09:32]} 7. Bb2
{[%clk 0:15:04]} Bb7 {[%clk 0:09:32]} 8. Bd3 {[%clk 0:14:32]} O-O
{[%clk 0:09:40]} 9. O-O {[%clk 0:14:28]} Nbd7 {[%clk 0:09:03]} 10. Qc2 h6 11.
cxd5 {[%clk 0:12:50]} exd5 {[%clk 0:08:49]} 12. Ne5 {[%clk 0:12:58]} Re8
{[%clk 0:07:37]} 13. Ndf3 {[%clk 0:12:22]} Bd6 {[%clk 0:07:09]} 14. Nc6
{[%clk 0:12:18]} Bxc6 {[%clk 0:07:04]} 15. Qxc6 {[%clk 0:12:27]} Ra7 16. Bf5
{[%clk 0:11:12]} g6 {[%clk 0:05:49]} 17. Bh3 {[%clk 0:11:10]} Kg7 18. g3
{[%clk 0:11:02]} Qe7 {[%clk 0:04:24]} 19. Rac1 {[%clk 0:10:39]} Nb8
{[%clk 0:04:21]} 20. Qc2 {[%clk 0:10:38]} Ne4 21. Ne5 {[%clk 0:10:26]} f5
{[%clk 0:02:45]} 22. f3 {[%clk 0:09:50]} Ng5 {[%clk 0:02:38]} 23. Bg2
{[%clk 0:09:56]} Nf7 {[%clk 0:02:25]} 24. f4 {[%clk 0:09:11]} c6 25. g4
{[%clk 0:08:26]} Qf6 {[%clk 0:01:37]} 26. gxf5 {[%clk 0:07:43]} gxf5
{[%clk 0:01:39]} 27. Bh3 {[%clk 0:07:34]} Rg8 {[%clk 0:01:36]} 28. Kh1
{[%clk 0:07:23]} 1-0

[Event "RAPID Gran Prix 2016"]
[Site "Khanty-Mansiysk"]
[Date "2016.12.03"]
[Round "11.2"]
[White "Volkov, Sergey"]
[Black "Maletin, Pavel"]
[Result "1/2-1/2"]
[LiveChessVersion "1.4.4"]
[BlackElo "2625"]
[WhiteElo "2626"]

1. d4 {[%clk 0:15:17]} Nf6 {[%clk 0:13:56]} 2. c4 {[%clk 0:15:24]} e6
{[%clk 0:14:05]} 3. Nf3 {[%clk 0:15:25]} d5 {[%clk 0:14:07]} 4. Nc3
{[%clk 0:15:30]} c6 {[%clk 0:14:15]} 5. e3 {[%clk 0:15:33]} Nbd7 {[%clk 0:14:19]}
6. b3 {[%clk 0:15:30]} Bd6 {[%clk 0:14:02]} 7. Be2 {[%clk 0:15:19]} O-O
{[%clk 0:13:48]} 8. O-O {[%clk 0:15:25]} b6 {[%clk 0:13:37]} 9. Bb2
{[%clk 0:15:25]} Bb7 {[%clk 0:13:43]} 10. Qc2 {[%clk 0:15:00]} Qe7
{[%clk 0:13:47]} 11. e4 {[%clk 0:14:37]} Nxe4 {[%clk 0:13:07]} 12. Nxe4
{[%clk 0:14:45]} dxe4 {[%clk 0:13:15]} 13. Qxe4 {[%clk 0:14:51]} f5
{[%clk 0:13:02]} 14. Qe3 {[%clk 0:13:11]} c5 {[%clk 0:12:46]} 15. Rad1
{[%clk 0:13:02]} Rae8 {[%clk 0:09:55]} 16. Rfe1 {[%clk 0:12:28]} Nf6
{[%clk 0:09:43]} 17. Ne5 {[%clk 0:11:35]} Ne4 {[%clk 0:08:09]} 18. Bf3
{[%clk 0:10:48]} cxd4 {[%clk 0:07:08]} 19. Bxd4 {[%clk 0:10:44]} Qc7
{[%clk 0:07:12]} 20. Bxe4 {[%clk 0:10:26]} fxe4 {[%clk 0:06:17]} 21. Qc3
{[%clk 0:09:23]} Rf5 {[%clk 0:04:44]} 22. Ng4 {[%clk 0:09:30]} h5
{[%clk 0:04:52]} 23. Ne3 {[%clk 0:09:26]} Bxh2+ {[%clk 0:04:51]} 24. Kh1
{[%clk 0:09:15]} Rf7 {[%clk 0:04:43]} 25. c5 {[%clk 0:08:01]} e5 {[%clk 0:03:48]}
26. Nd5 {[%clk 0:08:09]} Qd8 {[%clk 0:03:17]} 27. Kxh2 {[%clk 0:07:08]} exd4
{[%clk 0:03:16]} 28. Qxd4 {[%clk 0:07:09]} Bxd5 {[%clk 0:03:08]} 29. Qxd5
{[%clk 0:07:17]} Qh4+ {[%clk 0:03:17]} 30. Kg1 {[%clk 0:07:26]} Qxf2+
{[%clk 0:03:26]} 31. Kh1 {[%clk 0:07:03]} Qh4+ {[%clk 0:03:14]} 32. Kg1
{[%clk 0:07:12]} Qf2+ {[%clk 0:02:40]} 33. Kh1 {[%clk 0:07:20]} Qxc5
{[%clk 0:02:20]} 34. Rxe4 {[%clk 0:07:11]} Rxe4 {[%clk 0:02:26]} 35. Qxe4
{[%clk 0:07:13]} Qg5 {[%clk 0:02:05]} 36. Rd5 {[%clk 0:06:42]} Qc1+
{[%clk 0:02:07]} 37. Kh2 {[%clk 0:06:50]} Qc7+ {[%clk 0:02:15]} 38. Kh3
{[%clk 0:06:36]} Re7 {[%clk 0:02:03]} 39. Qd3 {[%clk 0:06:26]} Qc8+
{[%clk 0:01:18]} 40. Kh2 {[%clk 0:06:35]} Qc7+ {[%clk 0:01:14]} 41. g3
{[%clk 0:06:33]} Qc6 {[%clk 0:00:50]} 42. Rxh5 {[%clk 0:06:06]} Qe4
{[%clk 0:00:51]} 43. Qxe4 1/2-1/2

[Event "RAPID Gran Prix 2016"]
[Site "Khanty-Mansiysk"]
[Date "2016.12.03"]
[Round "11.3"]
[White "Alekseev, Evgeny"]
[Black "Jakovenko, Dmitry"]
[Result "1/2-1/2"]
[LiveChessVersion "1.4.4"]
[BlackElo "2699"]
[WhiteElo "2652"]

1. e4 {[%clk 0:15:17]} e5 {[%clk 0:15:18]} 2. Nf3 {[%clk 0:15:24]} Nc6
{[%clk 0:15:28]} 3. Bb5 {[%clk 0:15:28]} Nf6 {[%clk 0:15:36]} 4. d3
{[%clk 0:15:30]} Bc5 {[%clk 0:15:37]} 5. Bxc6 {[%clk 0:15:32]} dxc6
{[%clk 0:15:44]} 6. Qe2 {[%clk 0:15:37]} Nd7 {[%clk 0:15:32]} 7. Be3
{[%clk 0:15:37]} Bd6 {[%clk 0:15:33]} 8. d4 {[%clk 0:15:35]} O-O {[%clk 0:15:30]}
9. Nbd2 {[%clk 0:15:37]} Re8 {[%clk 0:13:51]} 10. O-O-O {[%clk 0:15:33]} Qe7
{[%clk 0:13:19]} 11. Kb1 {[%clk 0:14:38]} exd4 {[%clk 0:12:06]} 12. Nxd4
{[%clk 0:13:38]} Nf6 {[%clk 0:11:06]} 13. f3 {[%clk 0:13:08]} c5 {[%clk 0:08:40]}
14. N4b3 {[%clk 0:11:54]} b6 {[%clk 0:08:14]} 15. Qf2 {[%clk 0:09:04]} a5
{[%clk 0:06:44]} 16. Nc4 {[%clk 0:06:43]} Ba6 {[%clk 0:06:52]} 1/2-1/2

[Event "RAPID Gran Prix 2016"]
[Site "Khanty-Mansiysk"]
[Date "2016.12.03"]
[Round "11.4"]
[White "Demidov, Mikhail"]
[Black "Rublevsky, Sergei"]
[Result "1/2-1/2"]
[LiveChessVersion "1.4.4"]
[BlackElo "2718"]
[WhiteElo "2514"]

1. d4 {[%clk 0:15:16]} d5 {[%clk 0:15:19]} 2. c4 {[%clk 0:15:25]} c6
{[%clk 0:15:28]} 3. Nf3 {[%clk 0:15:31]} Nf6 {[%clk 0:15:36]} 4. e3
{[%clk 0:15:16]} Bf5 {[%clk 0:15:45]} 5. Nc3 {[%clk 0:15:23]} e6 {[%clk 0:15:53]}
6. Nh4 {[%clk 0:15:24]} Bg6 {[%clk 0:16:02]} 7. Nxg6 {[%clk 0:14:56]} hxg6
{[%clk 0:16:10]} 8. Qb3 {[%clk 0:14:53]} Qc7 {[%clk 0:16:01]} 9. Bd2
{[%clk 0:14:52]} Nbd7 {[%clk 0:16:08]} 10. g3 {[%clk 0:14:47]} Be7
{[%clk 0:16:03]} 11. Bg2 {[%clk 0:14:55]} Nb6 {[%clk 0:15:47]} 12. cxd5
{[%clk 0:14:40]} exd5 {[%clk 0:15:48]} 13. O-O {[%clk 0:12:55]} Nc4
{[%clk 0:15:56]} 14. Be1 {[%clk 0:12:40]} Nd6 {[%clk 0:11:44]} 15. f3
{[%clk 0:11:54]} Nc4 {[%clk 0:10:56]} 16. Nd1 {[%clk 0:08:49]} O-O
{[%clk 0:09:54]} 17. Qc2 {[%clk 0:08:48]} c5 {[%clk 0:08:38]} 18. Rc1
{[%clk 0:08:11]} Qb6 {[%clk 0:08:17]} 19. Bf2 {[%clk 0:03:47]} cxd4
{[%clk 0:04:15]} 20. exd4 {[%clk 0:03:56]} Rac8 {[%clk 0:04:25]} 21. b3
{[%clk 0:01:25]} Ba3 {[%clk 0:04:19]} 22. bxc4 {[%clk 0:01:05]} Rxc4
{[%clk 0:04:27]} 23. Nc3 {[%clk 0:00:56]} Bxc1 {[%clk 0:04:35]} 24. Rxc1
{[%clk 0:01:05]} Rfc8 {[%clk 0:04:43]} 25. Qd2 {[%clk 0:00:40]} Qc6
{[%clk 0:01:37]} 26. Be1 {[%clk 0:00:37]} b5 {[%clk 0:01:47]} 27. a3
{[%clk 0:00:25]} a5 {[%clk 0:01:03]} 28. Bf1 {[%clk 0:00:24]} b4 {[%clk 0:01:12]}
29. axb4 {[%clk 0:00:29]} axb4 {[%clk 0:01:21]} 30. Nxd5 {[%clk 0:00:28]} Qxd5
{[%clk 0:01:30]} 31. Rxc4 {[%clk 0:00:37]} Rxc4 {[%clk 0:01:39]} 32. Bxc4
{[%clk 0:00:45]} Qxc4 {[%clk 0:01:48]} 33. Qxb4 {[%clk 0:00:53]} Qe2
{[%clk 0:01:50]} 34. Qc3 {[%clk 0:00:21]} Nd5 {[%clk 0:01:38]} 35. Qc8+
{[%clk 0:00:27]} 1/2-1/2

[Event "RAPID Gran Prix 2016"]
[Site "Khanty-Mansiysk"]
[Date "2016.12.03"]
[Round "11.6"]
[White "Sukhareva, Evgeniya"]
[Black "Yudin, Sergei"]
[Result "0-1"]
[LiveChessVersion "1.4.4"]
[BlackElo "2594"]
[WhiteElo "2306"]

1. d4 {[%clk 0:15:16]} d6 {[%clk 0:15:18]} 2. Nf3 {[%clk 0:15:24]} Bg4
{[%clk 0:14:37]} 3. e3 {[%clk 0:15:21]} Nd7 {[%clk 0:14:42]} 4. Be2
{[%clk 0:15:24]} e5 {[%clk 0:14:45]} 5. c4 {[%clk 0:15:15]} Ngf6 {[%clk 0:14:41]}
6. b3 {[%clk 0:15:16]} c6 {[%clk 0:14:36]} 7. Bb2 {[%clk 0:15:03]} e4
{[%clk 0:13:26]} 8. Nfd2 {[%clk 0:15:11]} Bxe2 {[%clk 0:13:34]} 9. Qxe2
{[%clk 0:15:19]} d5 {[%clk 0:13:41]} 10. c5 {[%clk 0:15:22]} b6 {[%clk 0:13:20]}
11. b4 {[%clk 0:15:30]} a5 {[%clk 0:13:29]} 12. a3 {[%clk 0:15:36]} axb4
{[%clk 0:13:29]} 13. axb4 {[%clk 0:15:44]} Rxa1 {[%clk 0:13:37]} 14. Bxa1
{[%clk 0:15:52]} Qa8 {[%clk 0:13:46]} 15. Bb2 {[%clk 0:14:48]} Qa2
{[%clk 0:13:29]} 16. Ba3 {[%clk 0:14:56]} Be7 {[%clk 0:11:59]} 17. b5
{[%clk 0:06:42]} cxb5 {[%clk 0:11:52]} 18. Qxb5 {[%clk 0:04:47]} bxc5
{[%clk 0:11:54]} 19. dxc5 {[%clk 0:03:20]} O-O {[%clk 0:11:55]} 20. O-O
{[%clk 0:01:14]} Rb8 {[%clk 0:09:56]} 21. Qc6 {[%clk 0:01:23]} Bxc5
{[%clk 0:09:52]} 22. Bxc5 {[%clk 0:00:31]} Qc2 {[%clk 0:10:00]} 23. Qd6
{[%clk 0:00:16]} Qxc5 {[%clk 0:10:03]} 24. Qxc5 {[%clk 0:00:19]} Nxc5
{[%clk 0:10:11]} 25. Rd1 {[%clk 0:00:16]} Kf8 {[%clk 0:09:42]} 26. h3
{[%clk 0:00:22]} Na4 {[%clk 0:09:21]} 27. Rc1 {[%clk 0:00:24]} Rb2
{[%clk 0:08:30]} 28. Nf1 {[%clk 0:00:22]} Ke7 {[%clk 0:08:29]} 29. Nbd2
{[%clk 0:00:31]} Kd6 {[%clk 0:08:34]} 30. Rc8 {[%clk 0:00:35]} Nc5
{[%clk 0:08:14]} 31. Rd8+ {[%clk 0:00:34]} Ke6 {[%clk 0:08:01]} 32. Rc8
{[%clk 0:00:39]} Nd3 {[%clk 0:08:09]} 33. Rc7 {[%clk 0:00:41]} Nd7
{[%clk 0:07:53]} 34. Rc6+ {[%clk 0:00:41]} Ke7 {[%clk 0:08:02]} 35. Rc7
{[%clk 0:00:35]} g6 {[%clk 0:08:00]} 36. Rc3 {[%clk 0:00:37]} N7c5
{[%clk 0:07:52]} 37. Ra3 {[%clk 0:00:45]} Ke6 {[%clk 0:08:00]} 38. Ra8
{[%clk 0:00:46]} h5 {[%clk 0:07:40]} 39. Re8+ {[%clk 0:00:54]} Kd7
{[%clk 0:07:48]} 40. Ra8 {[%clk 0:00:53]} Ne5 {[%clk 0:07:35]} 41. Ra7+
{[%clk 0:00:48]} Kd6 {[%clk 0:07:32]} 42. Ra8 {[%clk 0:00:56]} Nc4
{[%clk 0:07:05]} 43. Rd8+ {[%clk 0:00:42]} Ke6 {[%clk 0:07:14]} 44. Rc8
{[%clk 0:00:30]} Nxd2 {[%clk 0:07:02]} 45. Nxd2 {[%clk 0:00:34]} Nd3
{[%clk 0:07:06]} 46. Nf1 {[%clk 0:00:17]} Rxf2 {[%clk 0:07:00]} 47. Re8+
{[%clk 0:00:15]} Kd7 {[%clk 0:07:03]} 48. Ra8 {[%clk 0:00:16]} Rc2
{[%clk 0:06:59]} 49. Ra7+ {[%clk 0:00:20]} Ke6 {[%clk 0:06:38]} 50. Ra6+
{[%clk 0:00:26]} Ke5 {[%clk 0:06:17]} 51. Ra7 {[%clk 0:00:33]} f6
{[%clk 0:05:47]} 52. Re7+ {[%clk 0:00:36]} Kd6 {[%clk 0:05:56]} 53. Rf7
{[%clk 0:00:41]} Ke6 {[%clk 0:06:04]} 54. Ra7 {[%clk 0:00:50]} Ne1
{[%clk 0:06:08]} 55. Ra6+ {[%clk 0:00:56]} Ke5 {[%clk 0:06:16]} 56. Ra8
{[%clk 0:00:13]} Rxg2+ {[%clk 0:06:13]} 57. Kh1 {[%clk 0:00:22]} Rc2
{[%clk 0:06:07]} 58. Re8+ {[%clk 0:00:23]} Kd6 {[%clk 0:06:13]} 59. Ra8
{[%clk 0:00:28]} Nf3 {[%clk 0:06:12]} 60. Ra6+ {[%clk 0:00:33]} Ke5
{[%clk 0:06:19]} 61. Ra1 {[%clk 0:00:42]} Rf2 {[%clk 0:06:20]} 62. Rd1
{[%clk 0:00:48]} g5 {[%clk 0:06:28]} 0-1

[Event "RAPID Gran Prix 2016"]
[Site "Khanty-Mansiysk"]
[Date "2016.12.03"]
[Round "11.7"]
[White "Riazantsev, Alexander"]
[Black "Maltsevskaya, Aleksandra"]
[Result "1-0"]
[LiveChessVersion "1.4.4"]
[BlackElo "2182"]
[WhiteElo "2693"]

1. d4 {[%clk 0:15:19]} Nf6 {[%clk 0:15:17]} 2. c4 {[%clk 0:15:28]} g6
{[%clk 0:15:25]} 3. Nc3 {[%clk 0:15:37]} Bg7 {[%clk 0:15:33]} 4. e4
{[%clk 0:15:46]} d6 {[%clk 0:15:40]} 5. f3 {[%clk 0:15:52]} O-O {[%clk 0:15:47]}
6. Be3 {[%clk 0:15:58]} Nc6 {[%clk 0:15:53]} 7. Nge2 {[%clk 0:15:54]} a6
{[%clk 0:16:01]} 8. Qd2 {[%clk 0:16:02]} Na5 {[%clk 0:16:08]} 9. Nf4
{[%clk 0:15:42]} b5 {[%clk 0:15:36]} 10. h4 {[%clk 0:15:42]} h5 {[%clk 0:13:48]}
11. g4 {[%clk 0:15:51]} e5 {[%clk 0:12:35]} 12. dxe5 {[%clk 0:15:14]} dxe5
{[%clk 0:12:42]} 13. Nfd5 {[%clk 0:15:23]} Be6 {[%clk 0:10:47]} 14. O-O-O
{[%clk 0:10:14]} Nxc4 {[%clk 0:06:11]} 15. Bxc4 {[%clk 0:10:22]} bxc4
{[%clk 0:06:20]} 16. Bc5 {[%clk 0:09:48]} Bxd5 {[%clk 0:04:02]} 17. Bxf8
{[%clk 0:09:04]} Qxf8 {[%clk 0:04:06]} 18. Nxd5 {[%clk 0:09:04]} Nxd5
{[%clk 0:04:07]} 19. Qxd5 {[%clk 0:09:08]} c3 {[%clk 0:03:27]} 20. gxh5
{[%clk 0:08:29]} Rb8 {[%clk 0:02:40]} 21. Rh2 {[%clk 0:08:23]} gxh5
{[%clk 0:00:45]} 22. Kb1 {[%clk 0:07:18]} Qb4 {[%clk 0:00:34]} 23. Rc2
{[%clk 0:06:37]} Rb5 {[%clk 0:00:13]} 24. Qd8+ {[%clk 0:06:08]} Kh7
{[%clk 0:00:20]} 25. Qg5 {[%clk 0:06:16]} Qa4 {[%clk 0:00:12]} 26. Qxh5+
{[%clk 0:06:18]} 1-0

[Event "RAPID Gran Prix 2016"]
[Site "Khanty-Mansiysk"]
[Date "2016.12.03"]
[Round "11.8"]
[White "Dreev, Aleksey"]
[Black "Bocharov, Dmitry"]
[Result "1-0"]
[LiveChessVersion "1.4.4"]
[BlackElo "2573"]
[WhiteElo "2705"]

1. d4 {[%clk 0:15:19]} Nf6 {[%clk 0:15:18]} 2. Nf3 {[%clk 0:15:26]} e6
{[%clk 0:15:20]} 3. c4 {[%clk 0:15:35]} b6 {[%clk 0:15:27]} 4. a3
{[%clk 0:15:40]} Ba6 {[%clk 0:15:10]} 5. Qb3 {[%clk 0:15:48]} Be7
{[%clk 0:14:43]} 6. Nc3 {[%clk 0:15:14]} d5 {[%clk 0:14:37]} 7. cxd5
{[%clk 0:14:58]} Nxd5 {[%clk 0:14:43]} 8. Bd2 {[%clk 0:15:07]} O-O
{[%clk 0:14:23]} 9. Rd1 {[%clk 0:15:15]} Bb7 {[%clk 0:11:51]} 10. Qc2
{[%clk 0:15:06]} f5 {[%clk 0:07:25]} 11. e3 {[%clk 0:14:24]} Nd7 {[%clk 0:07:33]}
12. Bc4 {[%clk 0:14:33]} N7f6 {[%clk 0:07:38]} 13. O-O {[%clk 0:14:36]} Bd6
{[%clk 0:07:42]} 14. Ne5 {[%clk 0:14:05]} Qe7 {[%clk 0:07:47]} 15. f3
{[%clk 0:14:01]} c5 {[%clk 0:07:51]} 16. Rfe1 {[%clk 0:11:39]} Rac8
{[%clk 0:07:51]} 17. Qb3 {[%clk 0:11:46]} Kh8 {[%clk 0:07:46]} 18. Nb5
{[%clk 0:11:14]} cxd4 {[%clk 0:05:19]} 19. Nxd6 {[%clk 0:11:20]} Qxd6
{[%clk 0:05:27]} 20. exd4 {[%clk 0:11:28]} Rc7 {[%clk 0:05:32]} 21. Bg5
{[%clk 0:11:04]} a6 {[%clk 0:05:08]} 22. a4 {[%clk 0:10:58]} Rfc8
{[%clk 0:05:01]} 23. Qd3 {[%clk 0:07:57]} h6 {[%clk 0:04:33]} 24. Bd2
{[%clk 0:07:57]} a5 {[%clk 0:03:52]} 25. b3 {[%clk 0:08:05]} g5 {[%clk 0:03:57]}
26. Qe2 {[%clk 0:07:41]} Kg7 {[%clk 0:03:19]} 27. h4 {[%clk 0:07:40]} gxh4
{[%clk 0:02:28]} 28. Qf2 {[%clk 0:07:46]} Kh7 {[%clk 0:02:28]} 29. Qxh4
{[%clk 0:07:25]} Ng8 {[%clk 0:02:36]} 30. Kf2 {[%clk 0:06:50]} Qd8
{[%clk 0:02:14]} 31. Rh1 {[%clk 0:06:45]} Qf8 {[%clk 0:01:38]} 32. Rh3
{[%clk 0:05:47]} f4 {[%clk 0:00:16]} 33. Bd3+ {[%clk 0:05:41]} Kg7
{[%clk 0:00:20]} 34. Qg5+ {[%clk 0:05:24]} 1-0

[Event "RAPID Gran Prix 2016"]
[Site "Khanty-Mansiysk"]
[Date "2016.12.03"]
[Round "12.1"]
[White "Anikonov, Dmitry"]
[Black "Bocharov, Dmitry"]
[Result "1/2-1/2"]
[LiveChessVersion "1.4.4"]
[BlackElo "2573"]
[WhiteElo "2451"]

1. d4 {[%clk 0:15:19]} Nf6 {[%clk 0:15:18]} 2. c4 {[%clk 0:15:28]} e6
{[%clk 0:15:26]} 3. Nf3 {[%clk 0:15:37]} b6 {[%clk 0:15:34]} 4. a3
{[%clk 0:15:46]} Ba6 {[%clk 0:15:40]} 5. Qc2 {[%clk 0:15:55]} c5 {[%clk 0:15:47]}
6. d5 {[%clk 0:15:42]} exd5 {[%clk 0:15:53]} 7. cxd5 {[%clk 0:15:50]} g6
{[%clk 0:15:41]} 8. Nc3 {[%clk 0:15:59]} Bg7 {[%clk 0:15:49]} 9. e4
{[%clk 0:15:16]} Bxf1 {[%clk 0:15:51]} 10. Kxf1 {[%clk 0:15:23]} d6
{[%clk 0:15:44]} 11. g3 {[%clk 0:15:31]} O-O {[%clk 0:15:48]} 12. Kg2
{[%clk 0:15:37]} a6 {[%clk 0:15:51]} 13. a4 {[%clk 0:15:39]} Nbd7
{[%clk 0:15:21]} 14. Re1 {[%clk 0:13:21]} Re8 {[%clk 0:14:58]} 15. Bf4 Qc7
{[%clk 0:15:02]} 16. Rad1 {[%clk 0:13:20]} Rab8 17. Qe2 {[%clk 0:11:22]} Nh5
{[%clk 0:12:26]} 18. Qxa6 {[%clk 0:09:31]} Nxf4+ {[%clk 0:12:02]} 19. gxf4
{[%clk 0:09:40]} Bxc3 {[%clk 0:10:59]} 20. bxc3 {[%clk 0:09:48]} Nf6
{[%clk 0:11:08]} 21. e5 {[%clk 0:07:42]} Qd7 {[%clk 0:07:26]} 22. h3
{[%clk 0:07:50]} dxe5 {[%clk 0:05:25]} 23. fxe5 {[%clk 0:05:02]} Nxd5
{[%clk 0:05:06]} 24. Qc4 {[%clk 0:04:45]} Rbd8 {[%clk 0:05:14]} 25. Rd2
{[%clk 0:04:40]} Qe6 {[%clk 0:05:20]} 26. Kg3 {[%clk 0:04:41]} Nc7
{[%clk 0:04:21]} 27. Qe4 {[%clk 0:03:03]} Rxd2 {[%clk 0:04:21]} 28. Nxd2
{[%clk 0:03:12]} Nd5 {[%clk 0:04:28]} 29. Qc4 {[%clk 0:02:16]} Rd8
{[%clk 0:04:13]} 30. Nf3 {[%clk 0:01:47]} Nc7 {[%clk 0:03:59]} 31. Qe4
{[%clk 0:01:54]} Qd5 {[%clk 0:03:26]} 32. Qxd5 {[%clk 0:01:53]} Rxd5
{[%clk 0:03:34]} 33. Rb1 {[%clk 0:01:56]} Rd3 {[%clk 0:03:25]} 34. Rxb6
{[%clk 0:01:41]} Rxc3 {[%clk 0:03:33]} 35. a5 {[%clk 0:01:01]} Ra3
{[%clk 0:03:41]} 36. Kg2 {[%clk 0:00:40]} Ne6 {[%clk 0:03:43]} 37. a6
{[%clk 0:00:34]} Kg7 {[%clk 0:03:48]} 38. h4 {[%clk 0:00:37]} Nf4+
{[%clk 0:02:07]} 39. Kg3 {[%clk 0:00:45]} Nd3 {[%clk 0:02:16]} 40. Kg2
{[%clk 0:00:31]} Ra2 {[%clk 0:02:23]} 41. e6 {[%clk 0:00:36]} Nf4+
{[%clk 0:02:14]} 42. Kg3 {[%clk 0:00:42]} Nxe6 {[%clk 0:02:23]} 43. Ne5
{[%clk 0:00:42]} Nd4 {[%clk 0:01:57]} 44. Rb7 {[%clk 0:00:30]} Nf5+
{[%clk 0:01:54]} 45. Kh3 {[%clk 0:00:28]} Nd6 {[%clk 0:01:14]} 46. Rb6
{[%clk 0:00:37]} Ra3+ {[%clk 0:01:05]} 47. Kh2 {[%clk 0:00:36]} Nf5
{[%clk 0:01:07]} 48. Rb7 {[%clk 0:00:44]} Rxa6 {[%clk 0:01:10]} 49. Rxf7+
{[%clk 0:00:53]} Kg8 {[%clk 0:01:18]} 50. Rc7 {[%clk 0:00:48]} Nxh4
{[%clk 0:01:14]} 51. Rxc5 {[%clk 0:00:44]} Ra7 {[%clk 0:01:23]} 52. Rc6 Nf5
{[%clk 0:01:17]} 53. Kg2 {[%clk 0:00:34]} Kg7 {[%clk 0:01:23]} 54. Rb6
{[%clk 0:00:43]} Re7 {[%clk 0:01:23]} 55. Nf3 {[%clk 0:00:33]} Kh6
{[%clk 0:01:00]} 56. Ra6 {[%clk 0:00:29]} Kh5 {[%clk 0:00:46]} 57. Ra5
{[%clk 0:00:21]} Re4 {[%clk 0:00:50]} 58. Ra7 {[%clk 0:00:23]} h6
{[%clk 0:00:55]} 59. Nd2 {[%clk 0:00:26]} Rd4 {[%clk 0:00:52]} 60. Nf1
{[%clk 0:00:26]} Kg4 {[%clk 0:00:44]} 61. Nh2+ {[%clk 0:00:26]} Kf4
{[%clk 0:00:47]} 62. Nf3 {[%clk 0:00:30]} Rb4 {[%clk 0:00:54]} 63. Ra6
{[%clk 0:00:33]} g5 {[%clk 0:01:00]} 64. Rf6 {[%clk 0:00:39]} h5 {[%clk 0:00:36]}
65. Ne1 {[%clk 0:00:31]} Rd4 {[%clk 0:00:20]} 66. Nc2 {[%clk 0:00:36]} Rd6
{[%clk 0:00:22]} 67. Rf8 {[%clk 0:00:38]} Kg4 {[%clk 0:00:24]} 68. Re8
{[%clk 0:00:27]} Nh4+ {[%clk 0:00:28]} 69. Kf1 {[%clk 0:00:16]} Rd1+ 70. Ke2 Rd7
{[%clk 0:00:19]} 71. Ne3+ {[%clk 0:00:22]} Kh3 {[%clk 0:00:27]} 72. Rh8
{[%clk 0:00:28]} Rg7 {[%clk 0:00:22]} 1/2-1/2

[Event "RAPID Gran Prix 2016"]
[Site "Khanty-Mansiysk"]
[Date "2016.12.03"]
[Round "12.2"]
[White "Maltsevskaya, Aleksandra"]
[Black "Dreev, Aleksey"]
[Result "0-1"]
[LiveChessVersion "1.4.4"]
[BlackElo "2705"]
[WhiteElo "2182"]

1. e4 {[%clk 0:15:17]} c6 {[%clk 0:15:12]} 2. d4 {[%clk 0:15:23]} d5
{[%clk 0:15:21]} 3. e5 {[%clk 0:15:30]} Bf5 {[%clk 0:15:29]} 4. c4
{[%clk 0:15:37]} e6 {[%clk 0:15:33]} 5. Nc3 {[%clk 0:15:43]} Ne7 {[%clk 0:15:32]}
6. a3 {[%clk 0:15:45]} dxc4 {[%clk 0:15:35]} 7. Bxc4 {[%clk 0:15:53]} Nd7
{[%clk 0:15:40]} 8. h4 {[%clk 0:14:59]} Nb6 {[%clk 0:14:47]} 9. Ba2
{[%clk 0:15:05]} Ned5 {[%clk 0:14:18]} 10. Nge2 {[%clk 0:14:59]} h5
{[%clk 0:13:19]} 11. Ng3 {[%clk 0:14:35]} Bg6 {[%clk 0:13:23]} 12. Nce4
{[%clk 0:14:13]} Be7 {[%clk 0:13:00]} 13. Bg5 {[%clk 0:13:10]} f6
{[%clk 0:13:06]} 14. Bd2 {[%clk 0:10:19]} Qc7 {[%clk 0:12:59]} 15. Bb1
{[%clk 0:08:58]} O-O-O {[%clk 0:11:01]} 16. exf6 {[%clk 0:04:40]} gxf6
{[%clk 0:10:52]} 17. O-O {[%clk 0:04:30]} Rhg8 {[%clk 0:07:15]} 18. Qe2
{[%clk 0:01:13]} e5 {[%clk 0:05:51]} 19. Nc5 {[%clk 0:01:13]} Bxb1
{[%clk 0:04:50]} 20. Raxb1 {[%clk 0:01:12]} Rde8 {[%clk 0:03:01]} 21. Qxh5
{[%clk 0:00:49]} Nc4 {[%clk 0:02:38]} 22. Qf5+ {[%clk 0:00:37]} Kb8
{[%clk 0:02:42]} 23. Bb4 {[%clk 0:00:35]} Bxc5 {[%clk 0:02:20]} 24. dxc5
{[%clk 0:00:24]} Nce3 {[%clk 0:02:22]} 25. fxe3 {[%clk 0:00:13]} Rxg3
{[%clk 0:02:31]} 26. Rf2 {[%clk 0:00:18]} Reg8 {[%clk 0:02:15]} 27. Qe4
{[%clk 0:00:13]} R8g4 {[%clk 0:01:33]} 28. Qf5 {[%clk 0:00:13]} Qg7
{[%clk 0:01:20]} 29. Qe6 {[%clk 0:00:12]} Rxg2+ {[%clk 0:01:22]} 30. Rxg2
{[%clk 0:00:21]} Rxg2+ {[%clk 0:01:30]} 31. Kh1 {[%clk 0:00:29]} Rg4
{[%clk 0:00:37]} 32. Qd6+ {[%clk 0:00:33]} Kc8 {[%clk 0:00:45]} 33. Qe6+
{[%clk 0:00:42]} Qd7 {[%clk 0:00:42]} 34. Qxd7+ {[%clk 0:00:39]} Kxd7
{[%clk 0:00:52]} 35. Rd1 {[%clk 0:00:30]} Rxh4+ {[%clk 0:00:58]} 36. Kg2
{[%clk 0:00:39]} Ke6 {[%clk 0:01:03]} 37. Bd2 {[%clk 0:00:46]} Rc4
{[%clk 0:01:06]} 38. b4 {[%clk 0:00:44]} f5 {[%clk 0:01:02]} 39. Kf3
{[%clk 0:00:46]} Rc2 {[%clk 0:00:56]} 40. e4 {[%clk 0:00:22]} fxe4+
{[%clk 0:00:49]} 41. Kxe4 {[%clk 0:00:24]} Rc3 {[%clk 0:00:38]} 42. Rf1
{[%clk 0:00:17]} Rxa3 {[%clk 0:00:44]} 43. Bg5 {[%clk 0:00:12]} Rb3
{[%clk 0:00:48]} 44. Rf8 {[%clk 0:00:12]} Rxb4+ {[%clk 0:00:54]} 45. Kd3
{[%clk 0:00:20]} e4+ {[%clk 0:00:57]} 46. Ke2 {[%clk 0:00:25]} Rb2+
{[%clk 0:01:03]} 47. Ke1 {[%clk 0:00:29]} a5 {[%clk 0:00:54]} 48. Bd2
{[%clk 0:00:27]} a4 {[%clk 0:00:57]} 49. Ra8 {[%clk 0:00:32]} Ra2
{[%clk 0:01:00]} 50. Ra7 {[%clk 0:00:32]} a3 {[%clk 0:01:02]} 51. Rxb7
{[%clk 0:00:33]} Rb2 {[%clk 0:01:06]} 52. Ra7 {[%clk 0:00:24]} a2
{[%clk 0:01:14]} 53. Ke2 {[%clk 0:00:33]} e3 {[%clk 0:01:21]} 0-1

[Event "RAPID Gran Prix 2016"]
[Site "Khanty-Mansiysk"]
[Date "2016.12.03"]
[Round "12.3"]
[White "Yudin, Sergei"]
[Black "Riazantsev, Alexander"]
[Result "1/2-1/2"]
[LiveChessVersion "1.4.4"]
[BlackElo "2693"]
[WhiteElo "2594"]

1. e4 {[%clk 0:15:17]} c6 {[%clk 0:15:20]} 2. d4 {[%clk 0:15:24]} d5
{[%clk 0:15:29]} 3. exd5 {[%clk 0:15:33]} cxd5 {[%clk 0:15:38]} 4. Bd3
{[%clk 0:15:41]} Nc6 {[%clk 0:15:39]} 5. c3 {[%clk 0:15:49]} e6 {[%clk 0:15:03]}
6. Nf3 {[%clk 0:15:21]} Bd6 {[%clk 0:15:12]} 7. O-O {[%clk 0:15:16]} Nge7
{[%clk 0:15:21]} 8. Re1 {[%clk 0:15:18]} f6 {[%clk 0:14:54]} 9. c4
{[%clk 0:15:07]} O-O {[%clk 0:15:01]} 10. Nc3 {[%clk 0:15:14]} Nb4
{[%clk 0:12:49]} 11. Bf1 {[%clk 0:15:11]} dxc4 {[%clk 0:12:56]} 12. Bxc4
{[%clk 0:15:19]} Nbd5 {[%clk 0:13:05]} 13. Qb3 {[%clk 0:13:44]} 1/2-1/2